Rethinking cities in rural transformation: the role of territories (Record no. 114714)

000 -LEADER
fixed length control field 00397pab a2200145 454500
008 - FIXED-LENGTH DATA ELEMENTS--GENERAL INFORMATION
fixed length control field 180718b2015 xxu||||| |||| 00| 0 eng d
100 ## - MAIN ENTRY--PERSONAL NAME
Personal name Berdegue, Julio A.
245 ## - TITLE STATEMENT
Title Rethinking cities in rural transformation: the role of territories
260 ## - PUBLICATION, DISTRIBUTION, ETC.
Date of publication, distribution, etc. 2015
300 ## - PHYSICAL DESCRIPTION
Extent p.237-241.
650 ## - SUBJECT ADDED ENTRY--TOPICAL TERM
Topical term or geographic name entry element Rural development
700 ## - ADDED ENTRY--PERSONAL NAME
Personal name Proctor, Felicity J.
773 ## - HOST ITEM ENTRY
Main entry heading Development
909 ## -
-- 114720
Holdings
Withdrawn status Lost status Damaged status Not for loan Permanent Location Current Location Date acquired Serial Enumeration / chronology Barcode Date last seen Price effective from Koha item type
        Indian Institute of Public Administration Indian Institute of Public Administration 2018-07-19 Volume no: 58, Issue no: 2-3 AR115180 2018-07-19 2018-07-19 Articles

Powered by Koha